underutilized and underexploited horticultural crops (Record no. 480340)

000 -LEADER
fixed length control field 02711cam a22003014a 4500
001 - CONTROL NUMBER
control field 12827543
003 - CONTROL NUMBER IDENTIFIER
control field ASAB
005 - DATE AND TIME OF LATEST TRANSACTION
control field 20180827062716.0
008 - FIXED-LENGTH DATA ELEMENTS--GENERAL INFORMATION
fixed length control field 020621s2002 nhua b 001 0 eng
010 ## - LIBRARY OF CONGRESS CONTROL NUMBER
LC control number 2002026680
020 ## - INTERNATIONAL STANDARD BOOK NUMBER
International Standard Book Number 81-89422-85-5
040 ## - CATALOGING SOURCE
Original cataloging agency DLC
Transcribing agency ASAB
Modifying agency DLC
042 ## - AUTHENTICATION CODE
Authentication code pcc
050 00 - LIBRARY OF CONGRESS CALL NUMBER
Classification number S596.7
Item number .S64 2002
082 00 - DEWEY DECIMAL CLASSIFICATION NUMBER
Classification number 635
Edition number 21
245 00 - TITLE STATEMENT
Title underutilized and underexploited horticultural crops
Statement of responsibility, etc. editor K.V. PETER
260 ## - PUBLICATION, DISTRIBUTION, ETC.
Place of publication, distribution, etc. Enfield, N.H. :
Name of publisher, distributor, etc. Science Publishers,
Date of publication, distribution, etc. c2002.
300 ## - PHYSICAL DESCRIPTION
Extent xiv, various p. :
Other physical details ill. (some col.) ;
Dimensions 25 cm.
440 ## - SERIES STATEMENT/ADDED ENTRY--TITLE
Volume/sequential designation set of 4 volumes
9 (RLIN) 2345
504 ## - BIBLIOGRAPHY, ETC. NOTE
Bibliography, etc. note Includes bibliographical references.
505 8# - FORMATTED CONTENTS NOTE
Formatted contents note Machine generated contents note: Dedication Preface Acknowledgement List of contributors 1. Historical aspects of soil fertility and crop production research K.R. Krishna 2. Soil geography and sustainability of cultivation Lothar Beyer 3. Soil mineral deficiency, nutrient acquisition, and crop production K.R. Krishna 4. Nitrogen in soil: Transformations and influence on crop productivity K.R. Krishna and Carl Rosen 5. Soil phosphorus, its transformations and their relevance to crop production K.R. Krishna 6. Potassium in soil and its influence on crop growth and yield K.R. Krishna 7. Secondary nutrients in soil and their influence on crop productivity K.R. Krishna 8. Micronutrients in soil, their acquisition mechanisms and influence on crop growth and yield Jean Pierre Ndiaye and K.R. Krishna 9. Soil organic matter in temperate arable land and its relationship to soil fertility and crop production Lothar Beyer, Kristina Pingpank and Klaus Sieling 10. Available soil nutrients and fertilizer use in relation to crop production in the Mediterranean area John Ryan 11. Maximizing soil fertility utilization for higher crop yield: modeling K.R. Krishna 12. Fertilizers for improved soil fertility and crop production K.R. Krishna 13. Biofertilizers to augment soil fertility and crop production Lata, A. K. Saxena, and K.V.B.R. Tilak 14. The use of Stable isotopes in soil fertility research Rebecca Hood 15. Crop improvement towards resistance to soil fertility constraints K.R. Krishna 16. Soil Fertility and Plant diagnostic norms for Horticultural crop production B. S Bharagava and H.B. Raghupathi 17. Nutrient dynamics in agro-environments K.R. Krishna 18. Application of remote sensing in agriculture and soil science S.N.V. Kalluri, and T.J. Schmugee Glossary Index.
650 #0 - SUBJECT ADDED ENTRY--TOPICAL TERM
Topical term or geographic name entry element Soil fertility.
9 (RLIN) 2346
650 #0 - SUBJECT ADDED ENTRY--TOPICAL TERM
Topical term or geographic name entry element Fertilizers.
9 (RLIN) 2347
650 #0 - SUBJECT ADDED ENTRY--TOPICAL TERM
Topical term or geographic name entry element Crops.
9 (RLIN) 2348
906 ## - LOCAL DATA ELEMENT F, LDF (RLIN)
a 7
b cbc
c orignew
d 1
e ocip
f 20
g y-gencatlg
942 ## - ADDED ENTRY ELEMENTS (KOHA)
Source of classification or shelving scheme
Koha item type Book
Holdings
Withdrawn status Lost status Source of classification or shelving scheme Damaged status Not for loan Collection code Permanent Location Current Location Date acquired Total Checkouts Full call number Barcode Date last seen Copy number Price effective from Koha item type
            Atta-ur-Rahman School of Applied Biosciences (ASAB) Atta-ur-Rahman School of Applied Biosciences (ASAB) 11/29/2016   635 PET ASAB2190 07/06/2018 volume 1 of 4 11/29/2016 Book
© 2023 Central Library, National University of Sciences and Technology. All Rights Reserved.